Guess the foods & Drinks - Statistics

General Stats
  • This quiz has been taken 130 times
  • The average score is 11 of 15
Answer Stats
Picture Answer % Correct
Pizza
99%
Water
99%
Coke
98%
Milk
98%
Honey
97%
Popcorn
97%
Coffee
96%
Ice cream
94%
Orange
94%
Tea
92%
Lemonade
65%
Vegetables
65%
Rice
30%
Smoothie
11%
Fruit juice
7%
No matching quizzes found
Score Distribution
Percent of People with Each Score
Percentile by Number Answered
Your Score History
You have not taken this quiz